असत्यम शिवम सुंदरम. (Record no. 1315257)

MARC details
000 -LEADER
fixed length control field 00644nam a2200181Ia 4500
008 - FIXED-LENGTH DATA ELEMENTS--GENERAL INFORMATION
fixed length control field 151202s9999||||xx |||||||||||||| ||und||
082 ## - DEWEY DECIMAL CLASSIFICATION NUMBER
Item number PNVM-49355
100 ## - MAIN ENTRY--PERSONAL NAME
Personal name गोगटे शकुंतला.
245 ## - TITLE STATEMENT
Title असत्यम शिवम सुंदरम.
260 ## - PUBLICATION, DISTRIBUTION, ETC. (IMPRINT)
Name of publisher, distributor, etc "मनोरमा प्रकाशन, पुणे."
260 ## - PUBLICATION, DISTRIBUTION, ETC. (IMPRINT)
Date of publication, distribution, etc 2013
300 ## - PHYSICAL DESCRIPTION
Extent 220
600 ## - SUBJECT ADDED ENTRY--PERSONAL NAME
Personal name गोगटे शकुंतला.
630 ## - SUBJECT ADDED ENTRY--UNIFORM TITLE
Uniform title असत्यम शिवम सुंदरम.
700 ## - ADDED ENTRY--PERSONAL NAME
Personal name गोगटे शकुंतला.
730 ## - ADDED ENTRY--UNIFORM TITLE
Uniform title असत्यम शिवम सुंदरम.
942 ## - ADDED ENTRY ELEMENTS (KOHA)
Koha item type Book

No items available.